software Design Using Java 2 (Record no. 8147)

MARC details
000 -LEADER
fixed length control field 00392nam a22001697a 4500
003 - CONTROL NUMBER IDENTIFIER
control field OSt
005 - DATE AND TIME OF LATEST TRANSACTION
control field 20230420160500.0
008 - FIXED-LENGTH DATA ELEMENTS--GENERAL INFORMATION
fixed length control field 230420b ||||| |||| 00| 0 eng d
040 ## - CATALOGING SOURCE
Original cataloging agency MUST
Transcribing agency MUST
050 ## - LIBRARY OF CONGRESS CALL NUMBER
Classification number 2023-0476
082 ## - DEWEY DECIMAL CLASSIFICATION NUMBER
Classification number 2023-0476
100 ## - MAIN ENTRY--PERSONAL NAME
Personal name Lano Kevin
9 (RLIN) 16642
245 ## - TITLE STATEMENT
Title software Design Using Java 2
300 ## - PHYSICAL DESCRIPTION
Other physical details viii,311p.
Dimensions 25cm.
504 ## - BIBLIOGRAPHY, ETC. NOTE
Bibliography, etc Index.
942 ## - ADDED ENTRY ELEMENTS (KOHA)
Source of classification or shelving scheme Dewey Decimal Classification
Koha item type Book
Holdings
Withdrawn status Lost status Source of classification or shelving scheme Damaged status Not for loan Home library Current library Date acquired Source of acquisition Total Checkouts Full call number Barcode Date last seen Copy number Price effective from Koha item type
    Dewey Decimal Classification     Main Kihumuro Campus Main Kihumuro Campus 20/04/2023 Donation   2023-0476 2023-0477 20/04/2023 2023-0477 20/04/2023 Open Shelf